00514nam a2200193 a 4500001001300000003000900013005001700022008004100039020001000080082001300090100001900103245006000122260003800182300000900220500003500229505001000264650002700274700001900301nice12345678IN_TiNIC20260116012525.0050524s1900 lona grp 000 0 eng  ac10000a248bGRA aGranger, Frank aSoul of a Christianb Study in the Religious Experience aLondonbMethuen and Companyc1900 a297p aincludes index and biblioraphy2 aIndex aSpirituality-Christian1 aGranger, Frank